Rakousko zvláštnosti ekonomiky a hospodářské politiky

Na minha lista:
Detalhes bibliográficos
Autor principal: Plaček, Antonín
Formato: Livro
Idioma:tcheco
Publicado em: Praha Horizont 1983
Tags: Adicionar Tag
Sem tags, seja o primeiro a adicionar uma tag!

MARC

LEADER 00000nam a2200000 4500
001 c111584
005 20041019155150.2
041 0 |a cze 
044 |a CZ 
245 1 0 |a Rakousko  |b zvláštnosti ekonomiky a hospodářské politiky  |c Antonín Plaček 
264 1 |a Praha  |b Horizont  |c 1983 
300 |a 174 s. 
100 1 |a Plaček, Antonín